Largest Cities Of the Northern Province - Statistics

General Stats
  • This quiz has been taken 5 times
  • The average score is 13 of 20
Answer Stats
Population City % Correct
109,786 Jaffna
100%
66,786 Kilinochchi
100%
66,532 Mannar
100%
57,882 Mullaitivu
100%
26,980 Nallur
100%
59,786 Point Pedro
100%
107,990 Vavuniya
100%
54,369 Chavakachcheri
50%
25,447 Cheddikulam
50%
51,800 Chunnakam
50%
31,002 Kaithady
50%
47,232 Kankesanthurai
50%
43,504 Kodikamam
50%
24,787 Mankulam
50%
36,612 Nelliyadi
50%
20,776 Pooneryn
50%
34,012 Puthukudiyiruppu
50%
54,877 Tirunelveli
50%
56,987 Valvettithurai
50%
31,090 Kondavil
0%
No matching quizzes found
Score Distribution
Percent of People with Each Score
Percentile by Number Answered
Your Score History
You have not taken this quiz